Quantum mechanics.

Bibliographic Details
Main Author: Stehle, Philip
Format: Book
Language:English
Published: San Francisco : Holden-Day, 1966.
Series:Holden-Day series in physics.
Subjects:

MARC

Tag First Indicator Second Indicator Subfields
LEADER 00000cam a2200000 4500
001 in00000047379
005 20151007071443.0
008 730110s1966 caua 00000 eng u
010 |a  66017893  
035 |a (OCoLC)00534572 
035 |9 AAE6001AM 
040 |c WSU  |d TXA  |d UtOrBLW 
049 |a TXAM  |c [463963] 
050 0 |a QC174.1  |b .S74 
092 |a 530.123  |b S817q, 1966 
100 1 |a Stehle, Philip. 
245 1 0 |a Quantum mechanics. 
264 1 |a San Francisco :  |b Holden-Day,  |c 1966. 
300 |a viii, 263 pages :  |b illustrations ;  |c 24 cm. 
336 |a text  |b txt  |2 rdacontent 
337 |a unmediated  |b n  |2 rdamedia 
338 |a volume  |b nc  |2 rdacarrier 
490 1 |a Holden-Day series in physics 
650 0 |a Quantum theory. 
830 0 |a Holden-Day series in physics. 
999 |a MARS 
999 f f |s 84f293d8-2c46-37f6-bb40-385c7993a041  |i 2dacf630-fa67-3c71-a930-1cfcad42fec4  |t 0 
952 f f |p normal  |a Texas A&M University  |b College Station  |c Sterling C. Evans Library  |d Evans: Library Stacks  |t 0  |e QC174.1 .S74  |h Library of Congress classification  |i unmediated -- volume  |m A14800910278 
998 f f |a QC174.1 .S74  |t 0  |l Evans: Library Stacks